Fr. Conceicao Rodrigues College of Engineering

The Application of Stepping Motors to Machine tools (Record no. 30591)

MARC details
000 -LEADER
fixed length control field 00329nam a2200133Ia 4500
082 ## - DEWEY DECIMAL CLASSIFICATION NUMBER
Classification number 621.9
100 ## - MAIN ENTRY--PERSONAL NAME
Personal name Bell/R;Lowth/A.C.Shelley/R.S
245 ## - TITLE STATEMENT
Title The Application of Stepping Motors to Machine tools
260 ## - PUBLICATION, DISTRIBUTION, ETC.
Name of publisher, distributor, etc. Machinery Publication & co
Place of publication, distribution, etc. London
300 ## - PHYSICAL DESCRIPTION
Extent 120
546 ## - LANGUAGE NOTE
Language note ENGLISH
654 ## - SUBJECT ADDED ENTRY--FACETED TOPICAL TERMS
Focus term Motors
942 ## - ADDED ENTRY ELEMENTS (KOHA)
Koha item type BOOK
Holdings
Withdrawn status Lost status Damaged status Not for loan Collection Home library Current library Date acquired Cost, normal purchase price Total Checkouts Full call number Barcode Date last seen Cost, replacement price Price effective from Koha item type
        AFT Fr. Agnel's C.Rodrigues College of Engineering Fr. Agnel's C.Rodrigues College of Engineering 17/03/2023 30.00   621.9 AFT1608 17/03/2023 30.00 17/03/2023 BOOK